Biggest Cities by Peninsula - Statistics

General Stats
  • This quiz has been taken 1,172 times
    591 since last reset
  • The average score is 15 of 22
Answer Stats
Peninsula City Population City % Correct
Florida 6,250,000 Miami
93%
Iberian 6,400,000 Madrid
92%
Korean 24,600,000 Seoul
90%
Anatolia 4,850,000 Ankara
88%
Indochina 18,000,000 Bangkok
88%
Arabian 7,400,000 Riyadh
88%
Scandanavian 2,200,000 Stockholm
87%
Qatar 2,350,000 Doha
83%
Italian 4,250,000 Naples
83%
Balkan 14,800,000 Istanbul
81%
Malay 8,450,000 Kuala Lumpur
81%
Michigan (Lower) 5,750,000 Detroit
76%
Baja California 2,000,000 Tijuana
63%
Crimean 400,000 Sevastopol
60%
Nova Scotia 450,000 Halifax
58%
Attica 3,400,000 Athens
53%
Jutland 325,000 Aarhus
50%
Yucatan 1,100,000 Merida
44%
Kola 325,000 Murmansk
34%
Cape York 175,000 Cairns
27%
Liaodong 3,900,000 Dalian
27%
Shandong 4,000,000 Qingdao
24%
No matching quizzes found
Score Distribution
Percent of People with Each Score
Percentile by Number Answered
Your Score History
You have not taken this quiz since the last reset